00269nam a2200097Ia 4500008004100000100002300041245004900064260004200113300000800155650000800163191201s2012 xx 000 0 und d aRUSSELL, Roberta S 0aOperations Management Along the Supply Chain aN. DelhibWiley Dreautech Indiac2012 a776 aMBA